| 000 | 00837nam a22002657a 4500 | ||
|---|---|---|---|
| 001 | 7780 | ||
| 003 | FISKH | ||
| 005 | 20250806085118.0 | ||
| 008 | 250806b cb ||||| |||| 00| 0 eng d | ||
| 040 |
_aFISKH _beng _cFISKH _dFISKH |
||
| 050 | _aPZ7.M739 M | ||
| 082 | _a 421 | ||
| 100 | _aMoncure, Jane Belk | ||
| 245 |
_aMy "i" book / _cby Jane Belk Moncure ; illustrated by Linda Hohag |
||
| 260 |
_aMakanto : _bChildren's World, _c1991. |
||
| 300 |
_a29 pages : _bcolor illustrations ; _c20 x 23 cm |
||
| 505 | _aF | ||
| 520 | _aLittle "i" fills her box with inchworms and other things beginning with the short letter "i." | ||
| 521 | 8 |
_a300
_bLexile estimate |
|
| 521 | 8 |
_aG
_bRaz-Plus |
|
| 650 |
_aAlphabet _vLetter I _xSight word |
||
| 700 |
_aHohag, Linda _eillustrator |
||
| 942 |
_2ddc _cBK _n0 |
||
| 999 |
_c7780 _d7780 |
||